Wybory Prezydenckie 2005 - Statystyki

Ogólne statystyki
  • Ten quiz został rozwiązany 34 razy
  • Średni wynik to 6 z 12
Statystyki odpowiedzi
Miejsce Kandydat Poparcie w I turze Poparcie w II turze % Poprawnych
1 Donald Tusk 36,33 % 45,96 %
96%
2 Lech Kaczyński 33,10 % 54,04 %
96%
3 Andrzej Lepper 15,11 % -
81%
6 Janusz Korwin-Mikke 1,43 % -
73%
4 Marek Borowski 10,33 % -
54%
5 Jarosław Kalinowski 1,80 % -
46%
10 Leszek Bubel 0,13 % -
38%
9 Stanisław Tymiński 0,16 % -
38%
7 Henryka Bochniarz 1,26 % -
35%
8 Liwiusz Ilasz 0,21 % -
27%
12 Adam Słomka 0,06 % -
23%
11 Jan Pyszko 0,07 % -
23%
Nie znaleziono quizów pasujących do podanych kryteriów
Rozkład punktacji
Procent ludzi z każdym wynikiem
Percentyl według liczby udzielonych odpowiedzi
Twoja historia wyników
Nie rozwiązałeś tego quizu